000 00949nam0a2200277 4500
001 RU\NLR\BIBL_A\012567869
005 20210921162347.0
010 _a978-5-4439-4178-3
_92000
021 _aRU
_bКН-П-21-015250
_9КН-П-21-1208
035 _a(NLR Aleph) 012567869
090 _a12481475
_c12481475
100 _a20210721d2021 u y0rusy50 ca
101 0 _arus
102 _aRU
105 _ay z ||000zy
200 1 _aЭто должен знать каждый матшкольник
_fР. К. Гордин
205 _a13-е изд., стер.
210 _aМосква
_cМЦНМО
_d2021
215 _a53, [3] с.
_d21
606 1 _aГеометрия
_jЗадачники
_2nlr_sh2
_3RU\NLR\AUTH\6626625
686 1 _aВ181.11я721-4
700 1 _aГордин
_bР. К.
_f1948-
_gРафаил Калманович
942 _cBOOK
980 _aNB